In Plain English: Henry IV, Part 1 Quiz Stats

 Plays Quiz not verified by Sporcle

Challenge
Share
Tweet
Score 0/25 Timer 10:00
1 Play Today
% Correct
There's no way you're getting my lantern.
93.3%
There's no talking to her when she's like this.
92.5%
There's no toilet. We've been using the fireplace. It's not sanitary.
92%
Just before dawn.
91.7%
I hope you can talk him into it.
91.6%
He's been more than patient with you.
91.1%
I brought disguises.
91%
This island ain't big enough for the both of us.
90.7%
Man, you should've been there.
87.4%
No more Mr. Nice Guy.
87.3%
Have I lost weight?
86.5%
Let's take a break.
86.1%
I tend to nitpick.
85.9%
% Correct
There's gonna be hell to pay.
84.9%
I'm stoked. I can't wait.
84.6%
Yeah, that's discouraging.
83.9%
Something's bugging you.
83.5%
I am the smartest man alive!
83.2%
Who doesn't love surprises?
82.3%
You're a big fat liar.
79.6%
Give up yet?
72.4%
You ever think of leaving your job?
71.2%
Now I've seen everything.
69.5%
This one's for all the marbles.
63.6%
Whatever.
62.1%

You're not logged in!

Compare scores with friends on all Sporcle quizzes.
OR
Log In

You Might Also Like...

Show Comments

Extras

Top Quizzes Today


Score Distribution

Your Account Isn't Verified!

In order to create a playlist on Sporcle, you need to verify the email address you used during registration. Go to your Sporcle Settings to finish the process.

Report this User

Report this user for behavior that violates our Community Guidelines.

Details: